[Event "Mumbai Mayors Cup 10th"]
[Site "Mumbai"]
[Date "2017.06.06"]
[Round "4"]
[White "Samdani, Sahil Sagar"]
[Black "Mahalakshmi, Muganda Kumar"]
[Result "1/2-1/2"]
[WhiteElo "1824"]
[BlackElo "2180"]
[PlyCount "46"]
[EventDate "2017.06.04"]
[EventType "swiss"]
[EventRounds "10"]
[EventCountry "IND"]
[SourceTitle "CBM 178 Extra"]
[Source "ChessBase"]
[SourceDate "2017.06.22"]
[SourceVersion "1"]
[SourceVersionDate "2017.06.22"]
[SourceQuality "1"]

1. e4 e6 2. d4 d5 3. e5 c5 4. c3 Nc6 5. Nf3 Qb6 6. a3 Nh6 7. b4 cxd4 8. cxd4 Nf5 9. Bb2 Bd7 10. g4 Nfe7 11. Nc3 h5 12. g5 Nf5 13. Na4 Qd8 14. Bd3 b6 15. Rc1 Be7 16. Bxf5 exf5 17. g6 Rh6 18. gxf7+ Kxf7 19. Qb3 Kf8 20. Nc3 Be6 21. Ne2 Bf7 22. Bc3 h4 23. Bd2 g5 1/2-1/2

[Event "Chennai op 9th"]
[Site "Chennai"]
[Date "2017.01.18"]
[Round "1"]
[White "Pranav, V."]
[Black "Samdani, Sahil Sagar"]
[Result "1/2-1/2"]
[WhiteElo "2108"]
[BlackElo "1559"]
[PlyCount "96"]
[EventDate "2017.01.18"]
[EventType "swiss"]
[EventRounds "10"]
[EventCountry "IND"]
[SourceTitle "CBM 176 Extra"]
[Source "ChessBase"]
[SourceDate "2017.03.02"]
[SourceVersion "1"]
[SourceVersionDate "2017.03.02"]
[SourceQuality "1"]

1. e4 c5 2. Nf3 Nc6 3. d4 cxd4 4. Nxd4 Qb6 5. Nb3 Nf6 6. Bd3 e6 7. 0-0 d5 8. exd5 Nxd5 9. Bc4 Nf6 10. Be3 Qc7 11. Nc3 a6 12. a4 Be7 13. a5 0-0 14. Na4 Rd8 15. Qe2 Ne5 16. Nb6 Rb8 17. Bf4 Bd6 18. Rad1 Ng6 19. Bxd6 Rxd6 20. Rxd6 Qxd6 21. Rd1 Qc7 22. Qd3 Bd7 23. Qd6 Qxd6 24. Rxd6 Be8 25. Nc5 Ne5 26. c3 Kf8 27. f4 Nxc4 28. Nxc4 Rc8 29. b4 Bc6 30. Nb6 Re8 31. c4 Ke7 32. Rd1 Rd8 33. Rxd8 Kxd8 34. Nb3 Kc7 35. Nd4 Be4 36. h3 Bd3 37. Kf2 Nd7 38. c5 Nb8 39. Ke3 Bf1 40. Kf2 Bd3 41. Na8+ Kd7 42. Nb6+ Kc7 43. Ke3 Bf1 44. Kf2 Bd3 45. Na8+ Kd7 46. Nb6+ Kc7 47. Na8+ Kd7 48. Nb6+ Kc7 1/2-1/2